000 00643nam a22001577a 4500
003 OSt
005 20150913101321.0
008 150913b xxu||||| |||| 00| 0 eng d
040 _cRUA
082 _aAGR រស់ 1996 B016 Or.1
100 _9369
_aរស់ ពិសុទ្ធ
245 _aWater use efficiency of rice production in cambodia ប្រសិទ្ធភាពការប្រើប្រាស់ទឹកនៃផលិតកម្មដំណាំស្រូវនៅព្រះរាជាណាចក្រកម្ពុជា
260 _aPhnom Penh
_bRUA
_c1996
300 _a58p.
_bill.
_c29cm.
942 _2ddc
_cAGR
999 _c349
_d349